Roget's international thesaurus (Record no. 189)
[ view plain ]
| 000 -LEADER | |
|---|---|
| fixed length control field | 00511nam a2200181Ia 4500 |
| 020 ## - INTERNATIONAL STANDARD BOOK NUMBER | |
| ISBN | 0-690-70890-4 |
| 082 ## - DEWEY DECIMAL CLASSIFICATION NUMBER | |
| Classification number | RR 423.1 ROG- |
| 245 #0 - TITLE STATEMENT | |
| Title | Roget's international thesaurus |
| 250 ## - EDITION STATEMENT | |
| Edition statement | 3rd |
| 260 ## - PUBLICATION, DISTRIBUTION, ETC. (IMPRINT) | |
| Place of publication | New York |
| Name of publisher | Thomas y. Crowell |
| Year of publication | 1962 |
| 300 ## - PHYSICAL DESCRIPTION | |
| Number of Pages | 1256p. |
| 500 ## - GENERAL NOTE | |
| General note | contents: Acc no. D7, (3rd ed.), (xxi,1258p.), (1962) |
| 504 ## - BIBLIOGRAPHY, ETC. NOTE | |
| Bibliography, etc | Includes index |
| 650 ## - SUBJECT ADDED ENTRY--TOPICAL TERM | |
| Topical Term | English language - Dictionaries |
| 650 ## - SUBJECT ADDED ENTRY--TOPICAL TERM | |
| Topical Term | Dictionaries |
| 650 ## - SUBJECT ADDED ENTRY--TOPICAL TERM | |
| Topical Term | English language - Synonyms and antonyms |
| 942 ## - ADDED ENTRY ELEMENTS (KOHA) | |
| Koha item type | Books |
| Source of classification or shelving scheme | Dewey Decimal Classification |
| Withdrawn status | Lost status | Damaged status | Not for loan | Home library | Current library | Date acquired | Full call number | Accession Number | Price effective from | Koha item type | Bill Date | Collection code |
|---|---|---|---|---|---|---|---|---|---|---|---|---|
| NASSDOC Library | NASSDOC Library | 08/06/2004 | RR 423.1 ROG- | 6092 | 18/04/2019 | Books | ||||||
| NASSDOC Library | NASSDOC Library | 08/06/2004 | RR 423.1 ROG- | 12101 | 18/04/2019 | Books | ||||||
| NASSDOC Library | NASSDOC Library | 08/06/2004 | RR 423.1 ROG- | 16250 | 18/04/2019 | Books | 2004-10-22 | |||||
| NASSDOC Library | NASSDOC Library | 01/02/2019 | RR 423.1 ROG- SL1 | D000007 | 18/04/2019 | Books | 2018-10-09 | Docas Books |
